00474nam a2200181Ia 4500003000400000005001700004008004100021020002200062040000700084041000800091082001700099100000900116245006200125260004100187300001200228365001300240650003900253OSt20230623140832.0210423s2016 xx 000 0 und d a978-93-82348-44-3 cAL aeng a791.43K JOGK aJOGI aKathe chitrakathe sambhashanebMy experiments with cinema aBangalorebSawanna Enterprisesc2016 a352bPB b300cINR aMotion Pictures, Radio, Television